| 000 | 00697nam a22002177a 4500 | ||
|---|---|---|---|
| 005 | 20251108171851.0 | ||
| 008 | 250721s1987 xx 000 0 ara d | ||
| 082 | 1 | 4 | _a621.3885/حسي |
| 100 | 1 | _aحسين، فاروق سيد | |
| 245 | 1 | 0 |
_aالفيديو : _bهندسة و صيانة و إصلاح الأعطال / |
| 250 | _aط2 | ||
| 264 | 1 |
_aبيروت : _bدار الراتب الجامعية، _c1987. |
|
| 300 | _a242ص. | ||
| 490 | 0 | _aموسوعة عالم الإلكترونيات ؛ 8 | |
| 650 | 1 | 7 | _aالتلفزيون |
| 650 | 1 | 7 | _aالفيديو كاسيت |
| 700 | 1 | _aفهمي، أمين | |
| 700 | 1 | _aالعامري، فاروق | |
| 942 |
_2ddc _cBK |
||
| 999 |
_c64683 _d64683 |
||